000 01819cam a22001934a 4500
005 20250605163704.0
008 250528s ||||||||||||||||||||||||d
035 _a24366
040 _aGR-AtMCL
_bgre
_dGR-AtMCL
_eAACR2
245 1 _aΤο Περιοδικό της Ελληνικής Ψυχολογικής Εταιρίας / The Journal of the Hellenic Psychological Society
260 _bΠεδίο,
_c2011
300 _a134
520 _aΗ Έννοια του Θεού: Εννοιολογική Αλλαγή και Νοητικά Μοντέλα Παιδιών και Εφήβων, Η Ανάπτυξη των Απόψεων των εκ Γενετής Τυφλών Παιδιών για το Σχήμα της Γης και την Εναλλαγή της Μέρας/ Νύχτας, Η Εννοιλογική Αλλαγή στη Μάθηση της Φυσικής και ο Ρόλος της Σχετικής με τη Φυσική Προσωπικής Επιστημολογίας, Μίμηση και Αυτισμός: Μια Σύγχρονη Θεωρητική Προσέγγιση, Η Σεξουαλική Εκπαίδευση και τα Ψυχοσεξουαλικά Προβλήματα Ατόμων με Νοητική Υστέρηση, Το Φανταστικό Ακροατήριο και ο Προσωπικός Μύθος των Εφήβων σε Σχέση με τη Διαδικασία Αποχωρισμού-Εξατομίκευσης, Αλληλεπιδρασιακές Σχέσεις Μεταξύ Χρόνου και Μουσικής και Συναισθήματος, Βιβλιοπαρουσίαση.
700 1 _aΒοσνιάδου Στέλλα
942 _cCR
999 _c9254
_d9254